[Event "Titled Tuesday intern op 21st Dec"]
[Site "Chess.com INT"]
[Date "2021.12.21"]
[Round "11"]
[White "Stankovic, Ivan G"]
[Black "Muromtsev, Arthur"]
[Result "1-0"]
[WhiteElo "2255"]
[BlackElo "2129"]
[PlyCount "75"]
[EventDate "2021.12.21"]
[EventType "swiss (blitz)"]
[EventRounds "11"]
[EventCountry "USA"]
[SourceTitle "CBM 205 Extra"]
[Source "ChessBase"]
[SourceDate "2022.01.31"]
[SourceVersion "1"]
[SourceVersionDate "2022.01.31"]
[SourceQuality "1"]

1. e4 e5 2. d4 exd4 3. Qxd4 Nc6 4. Qe3 Nf6 5. Nc3 Be7 6. Bd2 d5 7. exd5 Nxd5 8. Nxd5 Qxd5 9. Ne2 O-O 10. Nc3 Qd4 11. O-O-O Qxe3 12. Bxe3 Be6 13. Nb5 Nb4 14. a3 Nd5 15. Rxd5 Bxd5 16. Nxc7 Rad8 17. Nxd5 Rxd5 18. Bc4 Rd7 19. Bb5 Rd5 20. c4 Re5 21. Bxa7 Re2 22. Be3 Bf6 23. b4 Ra8 24. a4 Ra2 25. Rd1 g5 26. Rd7 b6 27. Bxb6 g4 28. a5 h5 29. a6 h4 30. a7 Kg7 31. Bc6 Re8 32. Be3 g3 33. hxg3 hxg3 34. a8=Q Rexa8 35. Bxa8 gxf2 36. Bxf2 Rxa8 37. Bd4 Ra1+ 38. Bxa1 1-0

[Event "Titled Tuesday intern op 21st Dec"]
[Site "Chess.com INT"]
[Date "2021.12.21"]
[Round "11"]
[White "Tanenbaum, Zachary Chen"]
[Black "Wagner, Dinara"]
[Result "1-0"]
[WhiteElo "2146"]
[BlackElo "2325"]
[PlyCount "63"]
[EventDate "2021.12.21"]
[EventType "swiss (blitz)"]
[EventRounds "11"]
[EventCountry "USA"]
[SourceTitle "CBM 205 Extra"]
[Source "ChessBase"]
[SourceDate "2022.01.31"]
[SourceVersion "1"]
[SourceVersionDate "2022.01.31"]
[SourceQuality "1"]

1. e4 c5 2. Nf3 d6 3. d4 cxd4 4. Nxd4 Nf6 5. Nc3 a6 6. Be3 e6 7. f3 h5 8. Qd2 Nbd7 9. O-O-O b5 10. Bxb5 axb5 11. Ndxb5 Ne5 12. b3 Bb7 13. Nxd6+ Bxd6 14. Qxd6 Qxd6 15. Rxd6 Ke7 16. Rb6 Rhb8 17. Bc5+ Ke8 18. Bd6 Ned7 19. Rb4 Rc8 20. Kb2 Bc6 21. a4 Ra6 22. Rd1 Ba8 23. Nb5 Rac6 24. c4 Nb6 25. Na7 Nxc4+ 26. bxc4 Rxc4 27. Nxc8 Rxc8 28. Rb8 Rxb8+ 29. Bxb8 Nd7 30. Bc7 Nc5 31. Rd8+ Ke7 32. Rxa8 1-0

[Event "Titled Tuesday intern op 21st Dec"]
[Site "Chess.com INT"]
[Date "2021.12.21"]
[Round "11"]
[White "Timofeev, Artyom"]
[Black "Gelman, Alexander"]
[Result "1-0"]
[WhiteElo "2572"]
[BlackElo "2403"]
[PlyCount "59"]
[EventDate "2021.12.21"]
[EventType "swiss (blitz)"]
[EventRounds "11"]
[EventCountry "USA"]
[SourceTitle "CBM 205 Extra"]
[Source "ChessBase"]
[SourceDate "2022.01.31"]
[SourceVersion "1"]
[SourceVersionDate "2022.01.31"]
[SourceQuality "1"]

1. c4 c5 2. Nf3 Nf6 3. Nc3 d6 4. d4 cxd4 5. Nxd4 e6 6. Bg5 Be7 7. e3 O-O 8. Be2 a6 9. O-O Nbd7 10. Rc1 h6 11. Bh4 Qc7 12. Bg3 Ne5 13. b3 Bd7 14. Qd2 Rac8 15. Rfd1 Rfd8 16. h3 Qb8 17. a4 Qc7 18. Qa2 b6 19. a5 Rb8 20. axb6 Rxb6 21. Qa5 Qb7 22. Ra1 Nc6 23. Nxc6 Bxc6 24. c5 dxc5 25. Bxa6 Rxd1+ 26. Nxd1 Qa8 27. Qxb6 Bxg2 28. Qb8+ Qxb8 29. Bxb8 Bxh3 30. Nc3 1-0

[Event "Titled Tuesday intern op 21st Dec"]
[Site "Chess.com INT"]
[Date "2021.12.21"]
[Round "11"]
[White "Tologontegin, Semetey"]
[Black "Munoz Galvez, Jhon Edison"]
[Result "1/2-1/2"]
[WhiteElo "2381"]
[BlackElo "2276"]
[PlyCount "90"]
[EventDate "2021.12.21"]
[EventType "swiss (blitz)"]
[EventRounds "11"]
[EventCountry "USA"]
[SourceTitle "CBM 205 Extra"]
[Source "ChessBase"]
[SourceDate "2022.01.31"]
[SourceVersion "1"]
[SourceVersionDate "2022.01.31"]
[SourceQuality "1"]

1. d4 Nf6 2. Nc3 d5 3. Bf4 a6 4. e3 Bf5 5. a3 e6 6. Nf3 c5 7. dxc5 Bxc5 8. Bd3 Bg4 9. h3 Bh5 10. O-O Nc6 11. Bg5 Ne5 12. Be2 Ned7 13. Nd4 Bxe2 14. Qxe2 Bxd4 15. exd4 O-O 16. Qd3 Rc8 17. Ne2 Qb6 18. c3 Ne4 19. Bf4 Qc6 20. f3 Nef6 21. g4 Qc4 22. Qd2 b5 23. Ng3 Nb6 24. h4 a5 25. h5 b4 26. axb4 axb4 27. Rac1 bxc3 28. bxc3 Rc6 29. h6 g6 30. Be5 Nfd7 31. Nh5 f6 32. Bh2 Na4 33. Nf4 Nxc3 34. Rfe1 e5 35. dxe5 fxe5 36. Nxd5 Ne2+ 37. Kg2 Nxc1 38. Ne7+ Kh8 39. Qxd7 Qc2+ 40. Kh1 Nd3 41. Nxc6 Nf2+ 42. Kg1 Nh3+ 43. Kh1 Nf2+ 44. Kg1 Nh3+ 45. Kh1 Nf2+ 1/2-1/2

[Event "Titled Tuesday intern op 21st Dec"]
[Site "Chess.com INT"]
[Date "2021.12.21"]
[Round "11"]
[White "Tomaszewski, Kacper"]
[Black "Sanchez, Roberto Daniel"]
[Result "1-0"]
[WhiteElo "2307"]
[BlackElo "1970"]
[PlyCount "46"]
[EventDate "2021.12.21"]
[EventType "swiss (blitz)"]
[EventRounds "11"]
[EventCountry "USA"]
[SourceTitle "CBM 205 Extra"]
[Source "ChessBase"]
[SourceDate "2022.01.31"]
[SourceVersion "1"]
[SourceVersionDate "2022.01.31"]
[SourceQuality "1"]

1. e4 e6 2. d4 d5 3. exd5 exd5 4. Bd3 Nf6 5. h3 c5 6. c3 Nc6 7. Nf3 Be7 8. dxc5 Bxc5 9. O-O O-O 10. Nbd2 Qd6 11. Bb1 Qg3 12. Ng5 h6 13. Nb3 Bb6 14. Nd4 Qd6 15. Ngf3 a6 16. Be3 Bc7 17. Qc2 Bd7 18. Rd1 Rac8 19. Nf5 Ne5 20. Nxd6 Bxd6 21. Nxe5 Bxe5 22. Bd4 Bxd4 23. Rxd4 Be6 1-0

[Event "Titled Tuesday intern op 21st Dec"]
[Site "Chess.com INT"]
[Date "2021.12.21"]
[Round "11"]
[White "Toshali, V."]
[Black "Stead, Kerry"]
[Result "1-0"]
[WhiteElo "2126"]
[BlackElo "1978"]
[PlyCount "79"]
[EventDate "2021.12.21"]
[EventType "swiss (blitz)"]
[EventRounds "11"]
[EventCountry "USA"]
[SourceTitle "CBM 205 Extra"]
[Source "ChessBase"]
[SourceDate "2022.01.31"]
[SourceVersion "1"]
[SourceVersionDate "2022.01.31"]
[SourceQuality "1"]

1. d4 c5 2. Nf3 g6 3. c3 cxd4 4. cxd4 d5 5. Nc3 Nc6 6. g3 Bg7 7. Bg2 Bg4 8. O-O e6 9. Qb3 Qb6 10. Qxb6 axb6 11. e3 Kd7 12. Bd2 Nge7 13. Rfc1 Rhc8 14. Nb5 Nf5 15. h3 Bxf3 16. Bxf3 Nd6 17. Nxd6 Kxd6 18. a3 Na5 19. Bxa5 bxa5 20. Kf1 b5 21. Ke2 Rc4 22. b3 Rcc8 23. Kd3 Kd7 24. e4 dxe4+ 25. Bxe4 Rab8 26. b4 a4 27. f3 Bf8 28. f4 Bd6 29. d5 e5 30. f5 g5 31. f6 h6 32. Bf5+ Kd8 33. Bxc8 Rxc8 34. Rxc8+ Kxc8 35. Rc1+ Kd7 36. Rc6 Bc7 37. Ke4 Bd6 38. Rb6 Bc7 39. Rxb5 Kd6 40. Rb7 1-0

[Event "Titled Tuesday intern op 21st Dec"]
[Site "Chess.com INT"]
[Date "2021.12.21"]
[Round "11"]
[White "Triapishko, Alexandr"]
[Black "Rakhmanov, Alexander"]
[Result "1-0"]
[WhiteElo "2506"]
[BlackElo "2640"]
[PlyCount "143"]
[EventDate "2021.12.21"]
[EventType "swiss (blitz)"]
[EventRounds "11"]
[EventCountry "USA"]
[SourceTitle "CBM 205 Extra"]
[Source "ChessBase"]
[SourceDate "2022.01.31"]
[SourceVersion "1"]
[SourceVersionDate "2022.01.31"]
[SourceQuality "1"]

1. Nf3 Nf6 2. g3 g6 3. b3 Bg7 4. Bb2 O-O 5. Bg2 d5 6. c4 c6 7. O-O Bg4 8. d4 Bxf3 9. Bxf3 e6 10. Nd2 a5 11. a3 Nbd7 12. e3 Re8 13. Rc1 Qe7 14. Bg2 Qd6 15. Qc2 Qe7 16. Rfe1 Qd6 17. Rcd1 Qe7 18. Rc1 Qd6 19. Rcd1 Qf8 20. Rc1 Red8 21. Bc3 Qe7 22. Qb2 Bf8 23. b4 Nb6 24. bxa5 Na4 25. Qb3 Nxc3 26. Qxc3 Qxa3 27. Qxa3 Bxa3 28. Rb1 Rxa5 29. Rxb7 Bf8 30. c5 Raa8 31. Reb1 e5 32. Bh3 exd4 33. exd4 Ne4 34. Nxe4 dxe4 35. Bd7 Ra2 36. Re1 Rd2 37. Rxe4 Bxc5 38. dxc5 R2xd7 39. Rxd7 Rxd7 40. Re8+ Kg7 41. Rc8 Kf6 42. Rxc6+ Ke5 43. Kg2 h5 44. h4 Rd2 45. Rc8 Rc2 46. Kf3 Rc3+ 47. Ke2 Rc2+ 48. Ke3 Rc3+ 49. Kd2 Rf3 50. Ke2 Rc3 51. Rc7 f6 52. Rg7 Kf5 53. Rc7 g5 54. Kd2 Rf3 55. hxg5 Rxf2+ 56. Ke3 Rc2 57. gxf6 Kxf6 58. Kd4 Rd2+ 59. Kc4 Rg2 60. Rh7 Kg6 61. Rh8 Kg5 62. Rg8+ Kf5 63. Kd5 Rd2+ 64. Kc6 Rc2 65. Kd6 Rd2+ 66. Kc7 Rc2 67. c6 Ke4 68. Rg5 Kf3 69. Rxh5 Kxg3 70. Kd6 Kf4 71. c7 Ke4 72. Rc5 1-0

[Event "Titled Tuesday intern op 21st Dec"]
[Site "Chess.com INT"]
[Date "2021.12.21"]
[Round "11"]
[White "Tzoumbas, Anastasios"]
[Black "Jakubowski, Krzysztof"]
[Result "0-1"]
[WhiteElo "2287"]
[BlackElo "2471"]
[PlyCount "96"]
[EventDate "2021.12.21"]
[EventType "swiss (blitz)"]
[EventRounds "11"]
[EventCountry "USA"]
[SourceTitle "CBM 205 Extra"]
[Source "ChessBase"]
[SourceDate "2022.01.31"]
[SourceVersion "1"]
[SourceVersionDate "2022.01.31"]
[SourceQuality "1"]

1. e4 e5 2. Nf3 Nc6 3. Bb5 a6 4. Ba4 Nf6 5. O-O Be7 6. Re1 b5 7. Bb3 d6 8. h3 Na5 9. c3 Nxb3 10. axb3 Bb7 11. d3 O-O 12. Nbd2 c5 13. Nf1 Re8 14. Ng3 Bf8 15. Qe2 Nd7 16. Be3 Qc7 17. h4 Nb6 18. h5 a5 19. d4 exd4 20. cxd4 c4 21. d5 Nd7 22. Nd4 Ba6 23. bxc4 bxc4 24. Qd2 a4 25. Nc6 Nc5 26. Bxc5 dxc5 27. Rxa4 Bb5 28. Rxa8 Rxa8 29. Qc3 h6 30. Nf5 Re8 31. Na5 Qf4 32. f3 g6 33. Ne3 Bg7 34. Qc2 Bd4 35. Qd2 gxh5 36. Nc6 Bxc6 37. dxc6 Rc8 38. Kf1 Qh2 39. Qf2 Rxc6 40. Qg1 Qh4 41. Qf2 Qg5 42. f4 Qd8 43. Qf3 Rg6 44. Nf5 Kh7 45. Rd1 Qf6 46. Ng3 Qh4 47. Nxh5 Qh1+ 48. Ke2 Rxg2+ 0-1

[Event "Titled Tuesday intern op 21st Dec"]
[Site "Chess.com INT"]
[Date "2021.12.21"]
[Round "11"]
[White "Van Osch, Mees"]
[Black "Gritsenko, Nikolai"]
[Result "1/2-1/2"]
[WhiteElo "2364"]
[BlackElo "2309"]
[PlyCount "136"]
[EventDate "2021.12.21"]
[EventType "swiss (blitz)"]
[EventRounds "11"]
[EventCountry "USA"]
[SourceTitle "CBM 205 Extra"]
[Source "ChessBase"]
[SourceDate "2022.01.31"]
[SourceVersion "1"]
[SourceVersionDate "2022.01.31"]
[SourceQuality "1"]

1. e4 f6 2. Nc3 Nh6 3. d4 Nf7 4. f4 c6 5. Nf3 e6 6. Be3 Na6 7. Qd2 b5 8. a3 Nc7 9. g4 a5 10. h4 b4 11. Na4 d5 12. e5 fxe5 13. fxe5 bxa3 14. bxa3 Be7 15. Bd3 Ba6 16. Rb1 Bb5 17. Nc5 Bxc5 18. dxc5 O-O 19. O-O d4 20. Bxd4 Qd5 21. a4 Bxd3 22. Qxd3 Nh6 23. c4 Qd8 24. Qe4 Rb8 25. Ng5 g6 26. Rxb8 Qxb8 27. Qxc6 Rxf1+ 28. Kxf1 Qb1+ 29. Kg2 Qc2+ 30. Bf2 Nxg4 31. Qf3 Qxf2+ 32. Qxf2 Nxf2 33. Kxf2 h6 34. Ne4 Kf7 35. Nd6+ Ke7 36. Nb7 Na6 37. Nxa5 Nxc5 38. Nc6+ Kd7 39. Nd4 Nxa4 40. Ke3 Nc5 41. Ne2 Ke7 42. Kd4 Nb3+ 43. Kc3 Nc5 44. Kb4 Nd3+ 45. Kb5 Nxe5 46. c5 g5 47. h5 g4 48. c6 Nxc6 49. Kxc6 Kf6 50. Kd6 Kg5 51. Ng3 Kf4 52. Ne2+ Ke3 53. Ng3 Kf3 54. Nf1 Kf2 55. Nd2 g3 56. Ne4+ Kf3 57. Nxg3 Kxg3 58. Kxe6 Kg4 59. Ke5 Kxh5 60. Kf4 Kh4 61. Kf3 Kh3 62. Kf2 h5 63. Kg1 h4 64. Kh1 Kg4 65. Kg1 Kg3 66. Kh1 h3 67. Kg1 h2+ 68. Kh1 Kh3 1/2-1/2

[Event "Titled Tuesday intern op 21st Dec"]
[Site "Chess.com INT"]
[Date "2021.12.21"]
[Round "11"]
[White "Winkels, Marcel"]
[Black "Balkum, Alexander"]
[Result "0-1"]
[WhiteElo "1979"]
[BlackElo "2107"]
[PlyCount "78"]
[EventDate "2021.12.21"]
[EventType "swiss (blitz)"]
[EventRounds "11"]
[EventCountry "USA"]
[SourceTitle "CBM 205 Extra"]
[Source "ChessBase"]
[SourceDate "2022.01.31"]
[SourceVersion "1"]
[SourceVersionDate "2022.01.31"]
[SourceQuality "1"]

1. e4 c5 2. Nf3 Nc6 3. Bb5 g6 4. O-O Bg7 5. Re1 Nf6 6. e5 Nd5 7. Nc3 Nxc3 8. bxc3 O-O 9. d4 cxd4 10. cxd4 d5 11. Bxc6 bxc6 12. h3 Ba6 13. Bg5 Qc7 14. Qd2 Rfe8 15. e6 f6 16. Be3 Bc4 17. c3 Qa5 18. Reb1 Rab8 19. Bf4 Rb6 20. Kh2 Qa6 21. Ne1 Rc8 22. Nc2 c5 23. Rxb6 axb6 24. Ne3 Ra8 25. a3 f5 26. Bg5 Qc8 27. dxc5 Qxe6 28. cxb6 Qxb6 29. Nxc4 Qc7+ 30. Kh1 Qxc4 31. Rd1 e6 32. Bh6 Bxc3 33. Qd3 Qxd3 34. Rxd3 d4 35. Bc1 e5 36. f3 e4 37. fxe4 fxe4 38. Rd1 e3 39. Rg1 e2 0-1

[Event "Titled Tuesday intern op 21st Dec"]
[Site "Chess.com INT"]
[Date "2021.12.21"]
[Round "11"]
[White "Yavuz, Efe Metehan"]
[Black "Perez, Flavio"]
[Result "1-0"]
[WhiteElo "2025"]
[BlackElo "2272"]
[PlyCount "53"]
[EventDate "2021.12.21"]
[EventType "swiss (blitz)"]
[EventRounds "11"]
[EventCountry "USA"]
[SourceTitle "CBM 205 Extra"]
[Source "ChessBase"]
[SourceDate "2022.01.31"]
[SourceVersion "1"]
[SourceVersionDate "2022.01.31"]
[SourceQuality "1"]

1. c4 e5 2. Nc3 Nc6 3. g3 g6 4. Bg2 d6 5. d3 Be6 6. Nf3 h6 7. O-O Qd7 8. e4 Bh3 9. a3 h5 10. b4 h4 11. Nd5 Bxg2 12. Kxg2 hxg3 13. fxg3 Qh3+ 14. Kf2 O-O-O 15. Be3 Nh6 16. Ke2 Nd4+ 17. Nxd4 exd4 18. Bxd4 Qxh2+ 19. Rf2 Qh5+ 20. Kd2 Ng4 21. Rxf7 Bh6+ 22. Kc3 Kb8 23. Qa4 a6 24. Nxc7 Be3 25. Nxa6+ bxa6 26. Qxa6 Bxd4+ 27. Kb3 1-0